Comparación entre el desarrollo físico de los niños pobres y el de los bien acomodados (Record no. 99248)

MARC details
000 -LEADER
campo de control de longitud fija 00575nam a2200157 i 4500
001 - NÚMERO DE CONTROL
campo de control 99248
003 - IDENTIFICADOR DE NÚMERO DE CONTROL
campo de control ES-MaACL
005 - FECHA Y HORA DE LA ÚLTIMA TRANSACCIÓN
campo de control 20230906182451.0
007 - CAMPO FIJO DE DESCRIPCIÓN FÍSICA--INFORMACIÓN GENERAL
campo de control de longitud fija t|
008 - DATOS DE LONGITUD FIJA--INFORMACIÓN GENERAL
campo de control de longitud fija 050906s1902 sp ||||1| spa d
100 1# - ENTRADA PRINCIPAL--NOMBRE DE PERSONA
Nombre de persona Martín Barrales, José.
9 (RLIN) 77411
245 10 - MENCIÓN DEL TÍTULO
Título Comparación entre el desarrollo físico de los niños pobres y el de los bien acomodados
Resto del título : ensayo para un estudio del crecimiento. Tesis doctoral /
Mención de responsabilidad, etc. por José Martín Barrales.
260 ## - PUBLICACIÓN, DISTRIBUCIÓN, ETC.
Lugar de publicación, distribución, etc. Granada :
Nombre del editor, distribuidor, etc. Tip. de Indalecio Ventura López,
Fecha de publicación, distribución, etc. 1902.
502 ## - NOTA DE TESIS
Nota de tesis Tesis doctoral.
852 ## - LOCALIZACIÓN
Ubicación ES-MaACL
Número de control de estantería T-1134-F-2
Holdings
Estatus retirado Estado de pérdida Estado de daño No para préstamo Colección Biblioteca de origen Biblioteca actual Ubicación en estantería Fecha de adquisición Fuente de adquisición Total de préstamos Signatura topográfica completa Código de barras Visto por última vez Precio de reemplazo Tipo de ítem Koha
        Colección de folletos Biblioteca del Ateneo de Madrid Biblioteca del Ateneo de Madrid Depósito folletos 17/01/2008     T-1134-F-2 1103632 23/02/2023 23/02/2023 Folleto